El staff en la empresa (Registro nro. 2226)

Detalles MARC
000 -LEADER
fixed length control field 01303 a2200229 4500
001 - CONTROL NUMBER
control field 31958
005 - DATE AND TIME OF LATEST TRANSACTION
control field 20260407155621.0
008 - FIXED-LENGTH DATA ELEMENTS--GENERAL INFORMATION
fixed length control field 260407a1966 arg spa d
003 - CONTROL NUMBER IDENTIFIER
control field AR-UNSa-BCEJYS
040 ## - CATALOGING SOURCE
Original cataloging agency AR-UNSa-BCEJYS
Language of cataloging spa
Transcribing agency AR-UNSa-BCEJYS
080 ## - UNIVERSAL DECIMAL CLASSIFICATION NUMBER
Universal Decimal Classification number 658.012.4
Common auxiliary subdivision Gestión. Dirección. Autoridad. Técnicas y métodos de gestión (gestión del conocimiento, Outsourcing, Benchmarking...)
100 1# - MAIN ENTRY--PERSONAL NAME
Personal name Dale, Ernest
245 10 - TITLE STATEMENT
Title El staff en la empresa
264 #1 - PRODUCTION, PUBLICATION, DISTRIBUTION, MANUFACTURE, AND COPYRIGHT NOTICE
Place of production, publication, distribution, manufacture Bilbao :
Name of producer, publisher, distributor, manufacturer Ediciones Deusto
Date of production, publication, distribution, manufacture, or copyright notice 1966
300 ## - PHYSICAL DESCRIPTION
Extent 218 p.
Dimensions 25 cm.
505 ## - FORMATTED CONTENTS NOTE
Formatted contents note 1. El exceso de trabajo sobre la alta dirección - 2. Consecuencias del exceso de trabajo en la salud del director - 3. Como emplean su tiempo los ejecutivos - 4. Métodos para aligerar la tarea del ejecutivo - 5. El uso militar del staff - 6. Comparación entre los staff militares y los de empresa - 7. La presidencia de los Estados Unidos y el sistema de staff - 8. El adjunto en la empresa. Un perfil mixto - 9. Un bello confusionismo de denominaciones - 10. Estudio de casos en que un adjunto ha fracasado - 11. El uso práctico de puestos de staff general en las empresas
590 ## - LOCAL NOTE (RLIN)
Local note niveau_biblio:m niveau_hierar:0
700 1# - ADDED ENTRY--PERSONAL NAME
Personal name Urwick, Lyndall F.
700 1# - ADDED ENTRY--PERSONAL NAME
Personal name De la LLosa, Pedro
700 1# - ADDED ENTRY--PERSONAL NAME
Personal name Oyarzábal, Maria Luisa
942 ## - ADDED ENTRY ELEMENTS (KOHA)
Koha item type
Existencias
Withdrawn status Lost status Damaged status Not for loan Home library Current library Shelving location Date acquired Total checkouts Full call number Barcode Date last seen Price effective from Koha item type
        Biblioteca Prof. Eusebio Cleto del Rey Biblioteca Prof. Eusebio Cleto del Rey   07/04/2026   658.012.4 D139 L21946 07/04/2026 07/04/2026 Libro